La lucha de México por su petróleo /

Uloženo v:
Podrobná bibliografie
Hlavní autor: Silva Herzog, Jesús
Médium: Text
Témata:
Tagy: Přidat tag
Žádné tagy, Buďte první, kdo vytvoří štítek k tomuto záznamu!

MARC

LEADER 00000 a a2200000 04500
001 41706
003
040
100 |a Silva Herzog, Jesús  
245 |a La lucha de México por su petróleo /  |c Jesús Silva Herzog  
650 |a PETROLEO  
650 |a INDUSTRIA PETROLERA  
650 |a GOBIERNO  
650 |a EMPRESAS EXTRANJERAS  
650 |a MEXICO  
773 |g volumen7, número27 ( , 1976), páginas 93-102  
999 |c 33917  |d 33917